[Event "Cappelle Online Blitz op"]
[Site "Europe Echecs INT"]
[Date "2021.03.07"]
[Round "2"]
[White "Efimov, Igor"]
[Black "Lagura, Marcelo"]
[Result "1-0"]
[WhiteElo "2416"]
[BlackElo "1756"]
[PlyCount "95"]
[EventDate "2021.03.07"]
[EventType "swiss (blitz)"]
[EventRounds "11"]
[EventCountry "FRA"]
[SourceTitle "CBM 201 Extra"]
[Source "ChessBase"]
[SourceDate "2021.05.31"]
[SourceVersion "1"]
[SourceVersionDate "2021.05.31"]
[SourceQuality "1"]

1. d4 Nf6 2. Bg5 d5 3. Nd2 e6 4. e4 dxe4 5. Nxe4 Be7 6. Bxf6 Bxf6 7. Nf3 0-0 8. Qd2 b6 9. 0-0-0 Bb7 10. Bd3 Nd7 11. h4 Be7 12. Rh3 c5 13. Rg3 cxd4 14. Qh6 g6 15. Nfg5 Bxg5+ 16. hxg5 Bxe4 17. Rh1 Re8 18. Qxh7+ Kf8 19. Bxe4 Rc8 20. Bxg6 Ne5 21. Qh8+ Ke7 22. Qxe5 Rc5 23. Qf6+ Kd6 24. Bxf7 Qxf6 25. gxf6 Rf8 26. Rh7 Rf5 27. Rf3 Re5 28. Kd2 Kd5 29. Bg6 a5 30. f7 Kd6 31. Rf4 Rg5 32. Bh5 e5 33. Rf6+ Ke7 34. Rg6 Rf5 35. f3 R8xf7 36. Rxf7+ Rxf7 37. Rxb6 Rf8 38. Rb5 Kf6 39. Rxa5 Rh8 40. Bg4 Rb8 41. b3 Rb7 42. Rc5 Ra7 43. a4 Ra6 44. Kd3 Ra7 45. Ke4 Ra6 46. Rxe5 Rc6 47. Re6+ Rxe6+ 48. Bxe6 1-0

[Event "Cappelle Online Bullet op"]
[Site "Europe Echecs INT"]
[Date "2021.03.05"]
[Round "13"]
[White "Lagura, Marcelo"]
[Black "Karavaeva, Olga"]
[Result "1/2-1/2"]
[WhiteElo "1756"]
[BlackElo "2260"]
[PlyCount "78"]
[EventDate "2021.03.05"]
[EventType "swiss (blitz)"]
[EventRounds "15"]
[EventCountry "FRA"]
[SourceTitle "EXT 2022"]
[Source "ChessBase"]
[SourceDate "2021.10.06"]
[SourceVersion "1"]
[SourceVersionDate "2021.10.06"]
[SourceQuality "1"]

1. e4 c5 2. Nf3 e6 3. d4 cxd4 4. Nxd4 Nf6 5. Nc3 Nc6 6. Be3 Bb4 7. Qf3 d5 8. Nxc6 bxc6 9. 0-0-0 Bxc3 10. bxc3 Nxe4 11. Bd3 Nf6 12. Bc5 a5 13. Rhe1 Ba6 14. c4 Qc7 15. Qg3 Qxg3 16. hxg3 Rb8 17. cxd5 Bxd3 18. Rxd3 cxd5 19. f3 Kd7 20. g4 Rhc8 21. Bd4 Rc4 22. c3 a4 23. g5 Ne8 24. g4 h6 25. gxh6 gxh6 26. Rh1 a3 27. Rxh6 Rb2 28. Rd2 Rb5 29. Rh7 Nd6 30. Be5 Rbc5 31. Bd4 Rxc3+ 32. Bxc3 Rxc3+ 33. Rc2 Rxf3 34. Kd2 Ne4+ 35. Ke2 Rf2+ 36. Kd3 Rf3+ 37. Ke2 Rf2+ 38. Kd1 Rf1+ 39. Ke2 Rf2+ 1/2-1/2